000 00776nam a22002537a 4500
005 20170123162322.0
010 _a402355
020 _c5.25
035 _a402355
037 _bCen Lib/Ret
040 _aDPL
_bUR
082 _a847
_bص د ی
100 _aصدیقی، احمد
_9117561
245 _aخاندان /
_c احمد صدیقی
246 _aKhandan /
_bby Ahmad SIdiqi
260 _aنیی دہلی
_bمقتبہ جمی لمیٹڈ
_c1965
270 _bنیی دہلی
_aاردو بازار
_e110006
300 _a383p.
_c18cm(Hb)
650 _aاردو ادب
_9117562
650 _aاردو مضمون
_9117563
650 _aUrdu literature
_9117564
650 _aUrdu essays
_9528
942 _2ddc
_cUR
_h847
_mص د ی
999 _c107155
_d107155